000
00430nam a2200133Ia 4500
008
100328s9999 xx 000 0 und d
082
_b
73466
100
_a
सामंत अनंत.
245
_a
एका शहराच शूटिंग.
260
_b
मॅजेस्टिक.
630
_a
एका शहराच शूटिंग.
730
_a
एका शहराच शूटिंग.
942
_c
BOOK
999
_c
559187
_d
559184